Medición de movimientos fuertes en edificios altos de Costa Rica: Edificio Hotel Aurola
Salvato in:
| Autore principale: | |
|---|---|
| Altri autori: | , |
| Natura: | Libro |
| Lingua: | Spanish |
| Pubblicazione: |
[San José, Costa Rica] : Universidad de Costa Rica, Facultad de Ingeniería, Instituto de Investigaciones en Ingeniería, Laboratorio de Ingeniería Sísmica
1997
|
| Tags: |
Aggiungi Tag
Nessun Tag, puoi essere il primo ad aggiungerne!!
|
MARC
| LEADER | 00000nam a2200000Ia 4500 | ||
|---|---|---|---|
| 003 | PI0056 | ||
| 005 | 20240424080824.0 | ||
| 008 | 140116s1997 cr a 000 ||spa d | ||
| 040 | |c cru CEDI | ||
| 090 | |a PI-56 | ||
| 100 | |a Schmidt Díaz, Víctor, 1965- |9 1714 | ||
| 245 | |a Medición de movimientos fuertes en edificios altos de Costa Rica: Edificio Hotel Aurola | ||
| 260 | |a [San José, Costa Rica] : Universidad de Costa Rica, Facultad de Ingeniería, Instituto de Investigaciones en Ingeniería, Laboratorio de Ingeniería Sísmica |c 1997 | ||
| 300 | |c 87 hojas sin numerar | ||
| 500 | |a Informe final proyecto de investigación abril 1997, No. 731-96-296 Informe parcial proyecto de investigación, diciembre 1995 | ||
| 700 | |a Cruz Azofeifa, Miguel Francisco, 1956- |9 1717 | ||
| 700 | |9 16287 |a Bonilla, Luis | ||
| 942 | |c PI |h PI-56 |i PI0056 |6 PI_56_PI0056 | ||
| 999 | |c 13255 |d 13255 | ||
